000
00254nam a2200097Ia 4500
001
1215632
005
20250827024554.0
008
250824s9999 xx 000 0 und d
245
0
_a
RUBY ROGERS ÇIKAR BENİ BURADAN!
_c
SUE LİMB
260
_b
ALTIN KİTAPLAR
999
_c
1215632
_d
1215632